[Event "Detroit (MEX/2/1)"]
[Site "?"]
[Date "1994.??.??"]
[Round "?"]
[White "Tsemekhman, Vadim"]
[Black "Calton, Bill"]
[Result "1-0"]
[WhiteElo "2430"]
[BlackElo "2110"]
[PlyCount "59"]
[EventDate "1994.??.??"]

{2/(1)} 1. d4 f5 2. Nc3 d5 3. Bg5 g6 4. h4 Bg7 5. e3 c6 6. Bd3 Be6 7. Nge2 h6
8. Bf4 Nd7 9. g4 Ndf6 10. gxf5 Bxf5 11. Bxf5 gxf5 12. Ng3 e6 13. Nh5 Bf8 14.
Rg1 Rh7 15. Be5 Qe7 16. Rg6 Rf7 17. Qf3 O-O-O 18. O-O-O Nxh5 19. Qxh5 Nf6 20.
Bxf6 Rxf6 21. Rdg1 Rf7 22. Ne2 Re8 23. Nf4 Qd7 24. Rg8 Kc7 25. Nd3 Qe7 26. Ne5
Rh7 27. R1g6 b6 28. Rf6 Rc8 29. Qg6 Re8 30. Rgxf8 1-0

[Event "Detroit (CAO/6/2)"]
[Site "?"]
[Date "1994.??.??"]
[Round "?"]
[White "Tsemekhman, Vadim"]
[Black "Bueno, A."]
[Result "1/2-1/2"]
[WhiteElo "2460"]
[BlackElo "2100"]
[PlyCount "89"]
[EventDate "1994.??.??"]

{6/(2)} 1. d4 Nf6 2. c4 e6 3. Nc3 Bb4 4. e3 O-O 5. Bd3 d6 6. Nge2 e5 7. O-O
Bxc3 8. Nxc3 Nc6 9. d5 Ne7 10. Qc2 Ng6 11. f4 exf4 12. exf4 Re8 13. f5 Ne5 14.
Bg5 h6 15. Bh4 c6 16. Ne4 Neg4 17. Nxf6+ Nxf6 18. dxc6 bxc6 19. Rae1 Re5 20.
Bg3 Rxe1 21. Rxe1 Bb7 22. Qe2 Qb6+ 23. Bf2 c5 24. Bh4 Re8 25. Qc2 Rxe1+ 26.
Bxe1 Qc6 27. h3 Nd7 28. Bg3 Ne5 29. Bf1 Qe4 30. Qd2 Nxc4 31. Bxc4 Qxc4 32. Bxd6
Qxa2 33. Bxc5 Qb1+ 34. Kh2 Qxf5 35. Bxa7 Qd5 36. Qxd5 Bxd5 37. Kg3 g5 38. Kf2
f5 39. g3 Kf7 40. Bb8 Bb3 41. Ke3 Ke6 42. Kd4 Bd5 43. b4 Bg2 44. h4 f4 45. gxf4
1/2-1/2

[Event "Detroit (MCO/Ch/2a/2)"]
[Site "?"]
[Date "1994.??.??"]
[Round "?"]
[White "Tsemekhman, Vadim"]
[Black "Brooks, John"]
[Result "1-0"]
[WhiteElo "2470"]
[BlackElo "2225"]
[PlyCount "69"]
[EventDate "1994.??.??"]

1. d4 Nf6 2. c4 e6 3. Nc3 Bb4 4. f3 d5 5. a3 Be7 6. e4 c5 7. cxd5 exd5 8. e5
Nfd7 9. Nxd5 cxd4 10. Nxe7 Qxe7 11. f4 f6 12. Nf3 fxe5 13. Bc4 Nc6 14. O-O e4
15. Ng5 Nf6 16. b4 Bg4 17. Qa4 Bd7 18. b5 Nd8 19. Re1 h6 20. Nxe4 Nxe4 21. Bd5
Bf5 22. Bxe4 Bxe4 23. Qxd4 O-O 24. Rxe4 Ne6 25. Bb2 Rf7 26. Qe3 Re8 27. Re1 Qd7
28. Rxe6 Rxe6 29. Qxe6 Qxb5 30. Qe8+ Qxe8 31. Rxe8+ Kh7 32. Be5 g5 33. g3 g4
34. Kf2 Rd7 35. f5 1-0

[Event "Dearborn (MI Inv/4)"]
[Site "Dearborn"]
[Date "1994.??.??"]
[Round "?"]
[White "Tsemekhman, Vadim"]
[Black "Basin, Leonid"]
[Result "1/2-1/2"]
[WhiteElo "2480"]
[BlackElo "2460"]
[PlyCount "96"]
[EventDate "1994.??.??"]

1. d4 Nf6 2. c4 e6 3. Nf3 b6 4. a3 Bb7 5. Nc3 g6 6. Qc2 Bxf3 7. exf3 Nc6 8. Be3
Bg7 9. Rd1 Ne7 10. Bd3 O-O 11. O-O d5 12. Rfe1 c6 13. b3 Rc8 14. cxd5 Nfxd5 15.
Ne4 h6 16. Qc1 Kh7 17. Ng3 Nf5 18. Nxf5 exf5 19. Bf4 Nxf4 20. Qxf4 Qxd4 21.
Qxd4 Bxd4 22. Bxf5 Rcd8 23. Bd3 Kg7 24. Kf1 Kf6 25. Re4 Bb2 26. a4 Rd6 27. Bc2
Rfd8 28. Rxd6+ Rxd6 29. Ke2 b5 30. Bd3 a6 31. Kd2 Bd4 32. Re8 bxa4 33. bxa4 a5
34. Ra8 Bc5 35. Kc2 Bb4 36. Ra7 Ke6 37. Bc4+ Ke5 38. Re7+ Kd4 39. Bxf7 Kc5 40.
Re5+ Kb6 41. Bc4 Rd2+ 42. Kb3 Rxf2 43. Re6 Rxg2 44. h4 Rh2 45. Bb5 Kc5 46.
Rxc6+ Kd5 47. Rc4 Be7 48. Re4 Bf6 1/2-1/2

[Event "Eastpointe (US Am N/4/28)"]
[Site "?"]
[Date "1994.??.??"]
[Round "?"]
[White "Troupe, D."]
[Black "Swathell, Gary"]
[Result "0-1"]
[WhiteElo "1605"]
[BlackElo "1645"]
[PlyCount "120"]
[EventDate "1994.??.??"]

{4/(28)} 1. e4 e6 2. d4 d5 3. Nc3 Bb4 4. Nge2 dxe4 5. Bd2 Bxc3 6. Nxc3 Nf6 7.
Bg5 h6 8. Bxf6 Qxf6 9. Nxe4 Qe7 10. a3 O-O 11. Bd3 Nd7 12. O-O b6 13. Qe2 Bb7
14. Rad1 c5 15. Ba6 Bxe4 16. Qxe4 Nf6 17. Qh4 cxd4 18. Rxd4 Rad8 19. Rfd1 Rxd4
20. Rxd4 Qc5 21. Rc4 Qe5 22. h3 Qxb2 23. Qg3 Qc1+ 24. Kh2 Qe1 25. Bb7 Qd2 26.
Bf3 Rd8 27. Rf4 Kh8 28. Rc4 Qd6 29. a4 Qxg3+ 30. Kxg3 Kh7 31. Rc7 Rd7 32. Rxd7
Nxd7 33. Be4+ g6 34. Kf4 Kg7 35. Bc6 Nc5 36. h4 Kf6 37. g4 e5+ 38. Ke3 g5 39.
h5 Ke6 40. f3 f5 41. gxf5+ Kxf5 42. Kd2 e4 43. fxe4+ Nxe4+ 44. Ke3 Nf6 45. Bf3
g4 46. Bxg4+ Nxg4+ 47. Kd4 Ne5 48. c4 Nd7 49. Kd5 Nc5 50. a5 Na4 51. Kc6 bxa5
52. Kb5 Nb6 53. c5 a4 54. cxb6 axb6 55. Kxa4 Kg5 56. Kb5 Kxh5 57. Kxb6 Kg4 58.
Kc5 Kg3 59. Kd4 h5 60. Ke3 h4 0-1

[Event "Detroit (Class C/4/18)"]
[Site "?"]
[Date "1994.??.??"]
[Round "?"]
[White "Troupe, D."]
[Black "Stinson, Darlene"]
[Result "0-1"]
[WhiteElo "1605"]
[BlackElo "1605"]
[PlyCount "86"]
[EventDate "1994.??.??"]

{4/(18)} 1. e4 e5 2. Nf3 Nf6 3. Nxe5 Qe7 4. Nf3 Nxe4 5. Qe2 Nc6 6. d3 Nf6 7. a3
h6 8. Nc3 d6 9. h3 Be6 10. Be3 Qd7 11. O-O-O Be7 12. d4 d5 13. Nd2 a6 14. f4 b5
15. Nb3 Kf8 16. g4 g6 17. Qf2 b4 18. axb4 Bxb4 19. Nc5 Qc8 20. N3a4 Bxc5 21.
Nxc5 Nb4 22. Qh4 Ke7 23. Be2 a5 24. g5 hxg5 25. Qxg5 Bxh3 26. Bf2 Qf5 27. Bd3
Qxg5 28. fxg5 Nd7 29. Rde1+ Kd6 30. Bg3+ Kc6 31. Nxd7 Nxd3+ 32. cxd3 Kxd7 33.
Re5 c6 34. Rhe1 Rhe8 35. Kb1 a4 36. Ka2 Be6 37. Ka3 Reb8 38. Rd1 Rb3+ 39. Ka2
Rab8 40. Re2 R8b5 41. Rf2 c5 42. dxc5 d4 43. Be5 Rxd3+ 0-1

[Event "Detroit (MOR/5/35)"]
[Site "?"]
[Date "1994.??.??"]
[Round "?"]
[White "Troupe, D."]
[Black "Scioly, Tony"]
[Result "1/2-1/2"]
[WhiteElo "1605"]
[BlackElo "1605"]
[PlyCount "61"]
[EventDate "1994.??.??"]

{5/(35)} 1. e4 c5 2. Nc3 Nc6 3. Bc4 e6 4. Nf3 Nf6 5. h3 d6 6. d3 a6 7. Bg5 Be7
8. O-O b5 9. Bb3 Bb7 10. a3 O-O 11. Re1 Qc7 12. Rb1 h6 13. Bh4 Nh7 14. Re3 Bxh4
15. Nxh4 Nd4 16. Rg3 Nxb3 17. cxb3 f5 18. exf5 exf5 19. Qh5 Ng5 20. f4 d5 21.
Ne2 Rae8 22. Nxf5 Rxe2 23. Nxh6+ gxh6 24. Qxh6 Re7 25. Rxg5+ Rg7 26. Rh5 Rxf4
27. Qh8+ Kf7 28. Rh7 Kg6 29. Rh6+ Kf7 30. Rh7 Kg6 31. Rh6+ 1/2-1/2

[Event "Detroit (Class C/1/10)"]
[Site "?"]
[Date "1994.??.??"]
[Round "?"]
[White "Troupe, D."]
[Black "Rodriguez, Juan"]
[Result "1/2-1/2"]
[WhiteElo "1605"]
[BlackElo "1605"]
[PlyCount "100"]
[EventDate "1994.??.??"]

{1/(10)} 1. e4 e6 2. Nc3 d5 3. d4 Bb4 4. Bd2 dxe4 5. Nxe4 Qxd4 6. Bd3 Bxd2+ 7.
Nxd2 Qxb2 8. Ne2 Nf6 9. c3 Qb6 10. Nc4 Qc5 11. O-O O-O 12. Nd4 Nc6 13. Nb3 Qh5
14. Be2 Qh6 15. h3 e5 16. Ne3 Qg6 17. Nd2 Rd8 18. Qc1 Bxh3 19. Nf3 Be6 20. Qb2
Rab8 21. Rad1 Nd5 22. Bd3 e4 23. Bxe4 Qxe4 24. Ng5 Qe5 25. Nxe6 Qxe6 26. Nxd5
Rxd5 27. Rxd5 Qxd5 28. Re1 Ne5 29. Qe2 f6 30. f4 Ng6 31. c4 Qd4+ 32. Kh1 Qd6
33. g3 Rd8 34. Qb2 Qc6+ 35. Kh2 b6 36. Qc2 Qd6 37. Re2 h5 38. Qxg6 h4 39. Re8+
Rxe8 40. Qxe8+ Qf8 41. Qe6+ Qf7 42. Qc8+ Kh7 43. Qh3 Qxc4 44. Qf5+ Kh6 45. g4
Qe2+ 46. Kh3 Qf1+ 47. Kh2 Qf2+ 48. Kh1 Qf3+ 49. Kh2 Qg3+ 50. Kh1 Qf3+ 1/2-1/2

[Event "Romulus (RVO/2/28)"]
[Site "?"]
[Date "1994.??.??"]
[Round "?"]
[White "Troupe, D."]
[Black "Priebe, Raymond"]
[Result "1/2-1/2"]
[WhiteElo "1605"]
[BlackElo "1605"]
[PlyCount "110"]
[EventDate "1994.??.??"]

{2/(28)} 1. e4 d5 2. exd5 Nf6 3. Nc3 c6 4. dxc6 Nxc6 5. Bb5 Bd7 6. Nf3 a6 7.
Ba4 b5 8. Bb3 e5 9. Ng5 Bg4 10. f3 Be6 11. Bxe6 fxe6 12. Nxe6 Qb6 13. a3 Nd4
14. Nxf8 Rxf8 15. d3 O-O-O 16. Be3 Nxc2+ 17. Qxc2 Qxe3+ 18. Ne2+ Kb7 19. Rd1
Rc8 20. Qd2 Nd5 21. Rg1 Rc5 22. Qxe3 Nxe3 23. Kf2 Nxd1+ 24. Rxd1 Rc2 25. Rb1
Rd8 26. Ke3 Kc6 27. f4 Kd5 28. fxe5 Re8 29. Nf4+ Kc6 30. d4 g5 31. Ne2 Kd5 32.
Kd3 Rec8 33. Nc3+ R8xc3+ 34. bxc3 Rxg2 35. Rf1 Rxh2 36. Rf6 Rh3+ 37. Kc2 Kc4
38. Rc6+ Kd5 39. Rxa6 Kc4 40. Rc6+ Kd5 41. Rc5+ Ke6 42. Rxb5 g4 43. Rb1 g3 44.
a4 Rh2+ 45. Kb3 g2 46. Rg1 Kd5 47. Kb4 Rh1 48. Rxg2 Rb1+ 49. Ka3 Kc4 50. Rh2
Kxc3 51. d5 Ra1+ 52. Ra2 Rb1 53. Rh2 Ra1+ 54. Ra2 Rb1 55. Rg2 Ra1+ 1/2-1/2

[Event "Detroit (MOR/1a/11)"]
[Site "?"]
[Date "1994.??.??"]
[Round "?"]
[White "Troupe, D."]
[Black "Munger, Larry"]
[Result "0-1"]
[WhiteElo "1605"]
[BlackElo "1725"]
[PlyCount "60"]
[EventDate "1994.??.??"]

1. e4 d6 2. Nf3 Nf6 3. Nc3 g6 4. h3 Bg7 5. Bc4 O-O 6. d4 Nxe4 7. Bxf7+ Rxf7 8.
Nxe4 Nc6 9. c3 e5 10. d5 Ne7 11. O-O h6 12. Qd3 Qf8 13. Re1 Bxh3 14. Nfg5 hxg5
15. Nxg5 Bf5 16. Qg3 Rf6 17. Qh4 Bh6 18. Nf3 g5 19. Nxg5 Bxg5 20. Bxg5 Rf7 21.
Bh6 Qe8 22. Qg5+ Bg6 23. Re3 Rf5 24. Qg4 Qf7 25. c4 Qh7 26. Bg5 Kf7 27. Rh3 Qg7
28. g3 Rg8 29. Bh6 Qf6 30. Bg5 Qxg5 0-1

[Event "Detroit (MOR/7/39)"]
[Site "?"]
[Date "1994.??.??"]
[Round "?"]
[White "Troupe, D."]
[Black "Holland, K."]
[Result "1-0"]
[WhiteElo "1605"]
[BlackElo "1605"]
[PlyCount "59"]
[EventDate "1994.??.??"]

{7/(39)} 1. e4 c6 2. Nc3 d5 3. exd5 cxd5 4. d4 Bf5 5. Bb5+ Nc6 6. Nf3 a6 7. Ba4
b5 8. Bb3 e6 9. a3 g6 10. Ne2 Bg7 11. c3 Nge7 12. h3 O-O 13. Ng3 Na5 14. Ba2 h6
15. Nh4 Nc4 16. Nhxf5 Nxf5 17. Nxf5 gxf5 18. b3 Na5 19. g4 fxg4 20. Qxg4 Kh7
21. Rg1 Rg8 22. Bf4 Bf6 23. Bb1+ Kh8 24. Qh5 Rxg1+ 25. Ke2 Bg5 26. Qxf7 Qg8 27.
Be5+ Bf6 28. Bxf6+ Rg7 29. Qh5 Rf8 30. Qxh6+ 1-0

[Event "Grand Rapids (MI Am/1/40)"]
[Site "?"]
[Date "1994.??.??"]
[Round "?"]
[White "Troupe, D."]
[Black "Fuson, R."]
[Result "1-0"]
[WhiteElo "1605"]
[BlackElo "1605"]
[PlyCount "91"]
[EventDate "1994.??.??"]

{1/(40)} 1. e4 e5 2. Nf3 Nc6 3. Bb5 Nf6 4. Nc3 a6 5. Bxc6 dxc6 6. h3 Bd6 7. d3
b5 8. Bg5 h6 9. Bh4 g5 10. Bg3 Be6 11. Nxe5 Bxe5 12. Bxe5 Qe7 13. Qf3 Nxe4 14.
Qxe4 Bd5 15. Nxd5 cxd5 16. Qxd5 O-O 17. O-O Rad8 18. Qe4 Rfe8 19. d4 Rd6 20.
Rfe1 Re6 21. c3 f6 22. Qg6+ Qg7 23. Qxg7+ Kxg7 24. Bxf6+ Kxf6 25. Rxe6+ Rxe6
26. b4 c6 27. a4 Kf5 28. g3 h5 29. Kg2 Re2 30. axb5 axb5 31. Ra6 Re6 32. f3
Re2+ 33. Kg1 g4 34. fxg4+ hxg4 35. h4 Ke4 36. Rxc6 Kf3 37. h5 Kxg3 38. Rf6 Rg2+
39. Kf1 Rh2 40. h6 Rh1+ 41. Ke2 Kg2 42. d5 g3 43. d6 Kh3 44. Rg6 Rh2+ 45. Kd3
g2 46. h7 1-0

[Event "Grand Rapids (MI Am/4/13)"]
[Site "?"]
[Date "1994.??.??"]
[Round "?"]
[White "Troupe, D."]
[Black "DeRyke, S."]
[Result "0-1"]
[WhiteElo "1605"]
[BlackElo "1870"]
[PlyCount "68"]
[EventDate "1994.??.??"]

{4/(13)} 1. e4 e5 2. Nf3 Nc6 3. Bb5 a6 4. Bxc6 dxc6 5. h3 Bc5 6. O-O Qf6 7. d3
h6 8. b3 Ne7 9. Bb2 Ng6 10. Nbd2 Be6 11. a3 O-O-O 12. b4 Bd6 13. c4 c5 14. Bc3
Qe7 15. Qb1 f6 16. b5 axb5 17. Qxb5 Bd7 18. Qa5 Bc6 19. Bb2 Nf4 20. Rfc1 Nxd3
21. Rcb1 Nf4 22. Kf1 Qe6 23. Qc3 g5 24. a4 g4 25. Ng1 Rhg8 26. a5 gxh3 27. Nxh3
Nxg2 28. a6 b6 29. Rc1 Rg4 30. Qf3 Rdg8 31. Qf5 Qxf5 32. exf5 Rh4 33. Ng1 Nf4
34. a7 Rxg1+ 0-1

[Event "Romulus (RVO/4/30)"]
[Site "?"]
[Date "1994.??.??"]
[Round "?"]
[White "Troupe, D."]
[Black "Chisholm, D."]
[Result "1-0"]
[WhiteElo "1605"]
[BlackElo "1605"]
[PlyCount "69"]
[EventDate "1994.??.??"]

{4/(30)} 1. e4 e5 2. Nf3 d6 3. h3 Nf6 4. Nc3 a6 5. Bc4 Be6 6. Bxe6 fxe6 7. d3
Nc6 8. Bg5 Be7 9. O-O O-O 10. Ne2 d5 11. exd5 exd5 12. d4 Qd6 13. dxe5 Nxe5 14.
Nxe5 Qxe5 15. Bf4 Qxb2 16. Bxc7 Qb5 17. Rb1 Qc6 18. Be5 Qe6 19. Bg3 b5 20. Nd4
Qb6 21. Re1 Rfe8 22. Re6 Qa5 23. Nc6 Qxa2 24. Rxe7 Qc4 25. Na5 Qc5 26. Rc7 Qb6
27. Nc6 Rac8 28. Rxc8 Rxc8 29. Ne7+ Kf7 30. Nxc8 Qd8 31. Nd6+ Kg8 32. Qe2 Ne4
33. Nxe4 dxe4 34. Qxe4 Qd2 35. Qe8# 1-0

[Event "Eastpointe (US Am N/2/44)"]
[Site "?"]
[Date "1994.??.??"]
[Round "?"]
[White "Troupe, D."]
[Black "Calvo, E."]
[Result "1-0"]
[WhiteElo "1605"]
[BlackElo "1605"]
[PlyCount "77"]
[EventDate "1994.??.??"]

{2/(44)} 1. e4 c5 2. Nf3 Nc6 3. Bc4 d6 4. Ng5 Nh6 5. Qf3 Ne5 6. Qb3 e6 7. d3
Be7 8. Nc3 Bxg5 9. Bb5+ Nc6 10. Bxc6+ bxc6 11. f4 Be7 12. Ne2 O-O 13. Bd2 e5
14. O-O-O Ng4 15. Rdf1 a5 16. a4 d5 17. h3 Nf6 18. fxe5 Nh5 19. g4 c4 20. dxc4
dxc4 21. Qxc4 Ba6 22. Qxc6 Bxe2 23. Rf2 Bd3 24. gxh5 Rc8 25. Qd5 Rxc2+ 26. Kd1
Qxd5 27. exd5 Rxb2 28. Rg1 Rb1+ 29. Bc1 Rc8 30. d6 Bg5 31. Rxg5 Rbxc1+ 32. Kd2
R1c2+ 33. Ke3 Rxf2 34. Kxf2 f6 35. d7 Rb8 36. e6 fxg5 37. e7 Rb2+ 38. Kg3 h6
39. e8=Q+ 1-0

[Event "Detroit (MOR/3/29)"]
[Site "?"]
[Date "1994.??.??"]
[Round "?"]
[White "Troupe, D."]
[Black "Bailey, Jason"]
[Result "0-1"]
[WhiteElo "1605"]
[BlackElo "1710"]
[PlyCount "44"]
[EventDate "1994.??.??"]

{3/(29)} 1. e4 c5 2. Nc3 d6 3. Bc4 Nf6 4. d3 e6 5. Bg5 Be7 6. Nf3 a6 7. O-O b5
8. Bb3 O-O 9. a3 Bb7 10. h3 Nbd7 11. Re1 Nb6 12. e5 Nfd5 13. Bxe7 Qxe7 14. Ne4
dxe5 15. Nxe5 Nf6 16. Ng5 c4 17. dxc4 bxc4 18. Bxc4 Nxc4 19. Nxc4 Qc5 20. Qd3
Qxg5 21. g3 Rad8 22. Qe3 Qd5 0-1

[Event "Grand Rapids (MI Am/3/29)"]
[Site "?"]
[Date "1994.??.??"]
[Round "?"]
[White "Troupe, D."]
[Black "Arwashan, N."]
[Result "1-0"]
[WhiteElo "1605"]
[BlackElo "1605"]
[PlyCount "37"]
[EventDate "1994.??.??"]

{3/(29)} 1. e4 e5 2. Nf3 Nc6 3. Bb5 a6 4. Bxc6 bxc6 5. Nxe5 Nf6 6. Nc3 Bc5 7.
O-O O-O 8. d4 Bb6 9. Bg5 d5 10. h3 dxe4 11. Nxe4 Qd5 12. Nxf6+ gxf6 13. Bxf6
Bf5 14. Qh5 Qe6 15. Qh6 Qxf6 16. Qxf6 Bxc2 17. Nxc6 Rae8 18. Rae1 Rc8 19. Ne7#
1-0

[Event "Novi (Oct)"]
[Site "?"]
[Date "1994.??.??"]
[Round "?"]
[White "Tripp, Steve"]
[Black "Woods, O."]
[Result "1-0"]
[WhiteElo "1605"]
[BlackElo "1605"]
[PlyCount "55"]
[EventDate "1994.??.??"]

1. d4 e6 2. Nf3 d5 3. c4 c6 4. e3 Bb4+ 5. Nc3 Bxc3+ 6. bxc3 Nf6 7. Ba3 Qa5 8.
Qb3 Ne4 9. Rc1 c5 10. Bd3 dxc4 11. Bxc4 O-O 12. Bd3 f5 13. Ne5 Rd8 14. Bxe4
fxe4 15. Bxc5 b6 16. Bb4 Qd5 17. c4 Qb7 18. O-O Nc6 19. Nxc6 Qxc6 20. c5 bxc5
21. Rxc5 Qe8 22. Rfc1 Rb8 23. Qc4 Qd7 24. Rc7 Qa4 25. Rxc8 Rdxc8 26. Qxe6+ Kh8
27. Rxc8+ Rxc8 28. Qxc8+ 1-0

[Event "Eastpointe (EDO/2/20)"]
[Site "?"]
[Date "1994.??.??"]
[Round "?"]
[White "Tripp, Steve"]
[Black "Sattler, Peter"]
[Result "0-1"]
[WhiteElo "1605"]
[BlackElo "1765"]
[PlyCount "72"]
[EventDate "1994.??.??"]

{2/(20)} 1. d4 d5 2. c4 e6 3. Nc3 Nf6 4. Bg5 Be7 5. e3 O-O 6. Bd3 Nc6 7. Nf3 h6
8. Bh4 a6 9. a3 dxc4 10. Bxc4 b5 11. Be2 Bb7 12. O-O Nd5 13. Bxe7 Ndxe7 14. Ne4
Nxd4 15. Nf6+ gxf6 16. Nxd4 c5 17. Nb3 c4 18. Nd4 e5 19. Nf3 Ng6 20. Qc2 Qe7
21. Qf5 Rad8 22. Rfd1 Kg7 23. h4 Bxf3 24. Bxf3 Nxh4 25. Qg4+ Ng6 26. g3 Qe6 27.
Qh5 Qe7 28. Kg2 Rd6 29. Rh1 Rh8 30. Rad1 Rxd1 31. Rxd1 e4 32. Bg4 Ne5 33. Bf5
Nd3 34. Qg4+ Kf8 35. Bxe4 Rg8 36. Qh3 Qxe4+ 0-1

[Event "Eastpointe (EDO/1a/12)"]
[Site "?"]
[Date "1994.??.??"]
[Round "?"]
[White "Tripp, Steve"]
[Black "Jackson, J."]
[Result "0-1"]
[WhiteElo "1605"]
[BlackElo "1855"]
[PlyCount "68"]
[EventDate "1994.??.??"]

1. d4 d5 2. c4 e6 3. Nc3 Nf6 4. Bg5 Nbd7 5. e3 c6 6. c5 Be7 7. Bd3 e5 8. Nge2
exd4 9. exd4 O-O 10. Qc2 Re8 11. h4 Nf8 12. f3 h6 13. Bd2 Nh5 14. O-O-O Bxh4
15. g4 Ng3 16. Nxg3 Bxg3 17. Rdg1 Bf2 18. Rg2 Bxd4 19. g5 g6 20. Rxh6 Re6 21.
Ne2 Bg7 22. Rh1 b6 23. f4 bxc5 24. f5 gxf5 25. Nf4 Rb8 26. Nxe6 Bxe6 27. Bc3 d4
28. Bd2 Qd5 29. Rhg1 c4 30. Bxc4 Qxc4 31. Qxc4 Bxc4 32. b3 Bd5 33. Re2 Be4 34.
Kb2 d3+ 0-1

[Event "Detroit (MI Op/5/25)"]
[Site "?"]
[Date "1994.??.??"]
[Round "?"]
[White "Triplett, Thomas"]
[Black "Skidmore, Mike"]
[Result "0-1"]
[WhiteElo "1980"]
[BlackElo "1900"]
[PlyCount "98"]
[EventDate "1994.??.??"]

{5/(25)} 1. e4 c6 2. d4 d5 3. e5 Bf5 4. Be2 e6 5. Nf3 c5 6. c3 cxd4 7. Nxd4
Bxb1 8. Rxb1 Nc6 9. Qa4 Qc7 10. O-O Bc5 11. Be3 Bxd4 12. cxd4 Nge7 13. b4 O-O
14. Rfc1 Qb6 15. b5 Na5 16. Bd2 Nc4 17. Bxc4 dxc4 18. Rxc4 a6 19. Ba5 axb5 20.
Bxb6 Rxa4 21. Rxa4 bxa4 22. Bc5 Re8 23. Rxb7 Nd5 24. a3 h6 25. g3 Ra8 26. h4 h5
27. Kf1 Ra6 28. Ke1 Nc3 29. f3 Nd5 30. Kd2 Ra8 31. Kd3 Ra6 32. Rb1 Kh7 33. Rb7
Kg8 34. Ra7 Rxa7 35. Bxa7 Kh7 36. Bc5 Kg6 37. Bb4 f5 38. Bd2 f4 39. gxf4 Kf5
40. Kc4 Nxf4 41. Bxf4 Kxf4 42. d5 Kxe5 43. f4+ Kd6 44. dxe6 Kxe6 45. Kb4 Kf5
46. Kxa4 Kxf4 47. Kb4 g5 48. hxg5 Kxg5 49. a4 h4 0-1

[Event "Detroit (MI Op/1a/28)"]
[Site "?"]
[Date "1994.??.??"]
[Round "?"]
[White "Triplett, Thomas"]
[Black "Raupp, Kenneth L"]
[Result "1-0"]
[WhiteElo "1980"]
[BlackElo "1700"]
[PlyCount "121"]
[EventDate "1994.??.??"]

1. e4 e6 2. d4 d5 3. Nd2 Nf6 4. e5 Nfd7 5. Bd3 c5 6. c3 Nc6 7. Ne2 Qb6 8. Nf3
cxd4 9. cxd4 Bb4+ 10. Bd2 f6 11. exf6 Nxf6 12. O-O Bd6 13. b3 Bd7 14. Be3 Nb4
15. Bb1 Rc8 16. a3 Nc6 17. Ng3 O-O 18. Ne5 Qc7 19. f4 Ne7 20. Qf3 Qc3 21. b4
Qb2 22. Nh5 Be8 23. Nxf6+ Rxf6 24. Ng4 Rf7 25. Qg3 Nf5 26. Bxf5 exf5 27. Nh6+
Kf8 28. Nxf7 Kxf7 29. Rfc1 Rxc1+ 30. Rxc1 Qxa3 31. Qh3 Kg6 32. Bd2 Bxb4 33.
Qxa3 Bxa3 34. Rc7 Bc6 35. Kf2 Bd6 36. Rc8 Kf7 37. Ke3 a6 38. Kd3 h6 39. Kc2 Kf6
40. Kb3 g5 41. g3 g4 42. Bb4 Bxb4 43. Kxb4 h5 44. Ka5 Kf7 45. Kb6 Kg6 46. Rg8+
Kf6 47. Rg5 Be8 48. Kxb7 a5 49. Rg8 Kf7 50. Rh8 Ke7 51. Rh6 a4 52. Ra6 Bd7 53.
Kb6 Kd6 54. Ka5+ Ke7 55. Kb4 Be8 56. Kc5 Kd8 57. Kxd5 Bd7 58. Kd6 Kc8 59. Ra5
Be8 60. Ra8+ Kb7 61. Rxe8 1-0

[Event "Detroit (MI Op/3/27)"]
[Site "?"]
[Date "1994.??.??"]
[Round "?"]
[White "Triplett, Thomas"]
[Black "Grams, Paul"]
[Result "1-0"]
[WhiteElo "1980"]
[BlackElo "1800"]
[PlyCount "61"]
[EventDate "1994.??.??"]

{3/(27)} 1. e4 c5 2. Nf3 d6 3. d4 cxd4 4. Nxd4 Nf6 5. Nc3 a6 6. Be3 Nbd7 7. f3
e6 8. Qd2 Be7 9. O-O-O Qc7 10. g4 Ne5 11. h4 Nc4 12. Bxc4 Qxc4 13. Kb1 b5 14.
h5 Bb7 15. g5 Nd7 16. g6 Qc7 17. gxf7+ Kxf7 18. Bg5 Rac8 19. Bxe7 Kxe7 20. Qg5+
Kf7 21. Rhg1 Rhg8 22. Ndxb5 axb5 23. Nxb5 Qxc2+ 24. Ka1 Rc6 25. Nxd6+ Rxd6 26.
Qf4+ Nf6 27. Qxd6 Re8 28. Rc1 Qf2 29. Rc7+ Kg8 30. Rcxg7+ Kh8 31. Qe5 1-0

[Event "Detroit (Class A/2/2)"]
[Site "?"]
[Date "1994.??.??"]
[Round "?"]
[White "Triplett, Thomas"]
[Black "Fleming, William"]
[Result "0-1"]
[WhiteElo "1970"]
[BlackElo "1875"]
[PlyCount "88"]
[EventDate "1994.??.??"]

{2/(2)} 1. e4 c5 2. Nf3 d6 3. d4 cxd4 4. Nxd4 a6 5. Be3 Nf6 6. f3 e5 7. Nb3 Be6
8. Nc3 Be7 9. Qd2 O-O 10. O-O-O Nc6 11. g4 Na5 12. h4 Rc8 13. h5 b5 14. g5 b4
15. Nd5 Nxd5 16. exd5 Bf5 17. Bd3 Nc4 18. Bxc4 Rxc4 19. Na1 Qc7 20. Rdg1 Rc8
21. Rh2 Qa5 22. Kb1 Rxc2 23. Nxc2 Rxc2 24. Qxc2 Bxc2+ 25. Rxc2 Qxd5 26. Rc8+
Bf8 27. Bc1 Qxf3 28. h6 Qf5+ 29. Rc2 d5 30. Rgg2 d4 31. Rgf2 Qe6 32. hxg7 Kxg7
33. Rf6 Qd5 34. Rcf2 Be7 35. Rh6 Qe4+ 36. Ka1 Qe1 37. Rc2 Bxg5 38. Rhc6 d3 39.
Rg2 h6 40. Rxg5+ hxg5 41. b3 d2 42. Kb2 d1=Q 43. a4 Qee2+ 44. Ka1 Qxb3 0-1

[Event "Detroit (Class A/5/7)"]
[Site "?"]
[Date "1994.??.??"]
[Round "?"]
[White "Triplett, Thomas"]
[Black "Bemben, R."]
[Result "1/2-1/2"]
[WhiteElo "1970"]
[BlackElo "1860"]
[PlyCount "121"]
[EventDate "1994.??.??"]

{5/(7)} 1. e4 c5 2. Nf3 Nc6 3. d4 cxd4 4. Nxd4 g6 5. Nc3 Bg7 6. Be3 Nf6 7. f3
d6 8. Qd2 Qa5 9. Nb3 Qd8 10. O-O-O Be6 11. Nd5 Bxd5 12. exd5 Ne5 13. Bh6 O-O
14. Bxg7 Kxg7 15. f4 Ned7 16. g4 Nb6 17. Qg2 Qd7 18. Be2 Qa4 19. Kb1 Qxf4 20.
h4 Qe5 21. Rhe1 Na4 22. Rd4 Nc5 23. Rdd1 Nxb3 24. axb3 Qf4 25. Bf3 Rfe8 26. g5
Nh5 27. Bxh5 gxh5 28. Re4 Qf5 29. Qe2 Rac8 30. Rd2 Rc5 31. Red4 e5 32. dxe6
Rxe6 33. Qd1 Rc6 34. Rxd6 Rcxd6 35. Rxd6 Qg4 36. Qd4+ Qxd4 37. Rxd4 h6 38.
gxh6+ Rxh6 39. Rd5 Rh8 40. Kc1 Kf6 41. Kd2 Ke6 42. c4 f5 43. Rc5 Rh7 44. Rc8
Ke5 45. Ke3 Re7 46. Rh8 Kf6+ 47. Kf3 Kg6 48. Rg8+ Rg7 49. Rh8 Re7 50. Rg8+ Rg7
51. Rd8 Kf6 52. Rd6+ Ke5 53. Rh6 Rd7 54. Ke2 Ke4 55. Rxh5 f4 56. Rh6 f3+ 57.
Ke1 Kf4 58. Rf6+ Kg3 59. h5 Re7+ 60. Kf1 Rd7 61. Rg6+ 1/2-1/2

[Event "Eastpointe (US Am N/3/21)"]
[Site "?"]
[Date "1994.??.??"]
[Round "?"]
[White "Tracz, J."]
[Black "al-Shareef, Robert"]
[Result "1-0"]
[WhiteElo "1740"]
[BlackElo "1605"]
[PlyCount "43"]
[EventDate "1994.??.??"]

{3/(21)} 1. d4 Nf6 2. c4 g6 3. Nc3 Bg7 4. e4 d6 5. f4 O-O 6. Nf3 Bg4 7. Be2 c6
8. Be3 Nbd7 9. Qd2 c5 10. d5 Nb6 11. O-O-O Bxf3 12. gxf3 a6 13. f5 Nfd7 14. Bh6
Ne5 15. b3 a5 16. h4 a4 17. Bxg7 Kxg7 18. h5 axb3 19. hxg6 hxg6 20. Qh6+ Kf6
21. Qh4+ Kg7 22. f6+ 1-0

[Event "Detroit (Class B/3/1)"]
[Site "?"]
[Date "1994.??.??"]
[Round "?"]
[White "Tracz, J."]
[Black "Walker, LeRoy"]
[Result "0-1"]
[WhiteElo "1710"]
[BlackElo "1750"]
[PlyCount "72"]
[EventDate "1994.??.??"]

{3/(1)} 1. d4 Nf6 2. c4 c5 3. d5 Ne4 4. Qc2 Nd6 5. e4 e5 6. Nc3 Be7 7. Nf3 f6
8. Be3 Nf7 9. Be2 d6 10. Nd2 Na6 11. a3 Bd7 12. f4 g6 13. O-O-O exf4 14. Bxf4
Nc7 15. Rdf1 a6 16. Bg3 b5 17. Rf2 O-O 18. h4 Qb8 19. h5 g5 20. e5 dxe5 21. Bd3
h6 22. Bh7+ Kh8 23. Qg6 Qb6 24. Nce4 Ne8 25. Rhf1 bxc4 26. Nxf6 c3 27. Nde4 Bb5
28. Nd7 cxb2+ 29. Kxb2 Qxg6 30. hxg6 Bxd7 31. Bxe5+ Bf6 32. Nxf6 Nxe5 33. Nxd7
Rxf2+ 34. Rxf2 Nd3+ 35. Kc3 Nxf2 36. Ne5 Nd6 0-1

[Event "Detroit (Class B/1/12)"]
[Site "?"]
[Date "1994.??.??"]
[Round "?"]
[White "Tracz, J."]
[Black "Velasquez, A."]
[Result "1-0"]
[WhiteElo "1710"]
[BlackElo "1625"]
[PlyCount "71"]
[EventDate "1994.??.??"]

{1/(12)} 1. d4 Nf6 2. c4 g6 3. Nc3 Bg7 4. e4 d6 5. f4 c5 6. d5 O-O 7. Nf3 Na6
8. Be2 Nc7 9. h3 a6 10. Be3 b5 11. Qc2 Rb8 12. O-O bxc4 13. Bxc4 Rb4 14. Nd2
Bd7 15. Rab1 Qb8 16. b3 Rc8 17. e5 Nfe8 18. Nde4 Nb5 19. Nxb5 Bxb5 20. Bxb5
Rxb5 21. e6 fxe6 22. dxe6 Bd4 23. Bxd4 cxd4 24. Qd3 Qb6 25. Rbc1 Rxc1 26. Rxc1
Nc7 27. Qc4 d5 28. Nf6+ exf6 29. Qxc7 Qxe6 30. Qd8+ Kg7 31. Rc7+ Qf7 32. Rxf7+
Kxf7 33. Qd7+ Kg8 34. Qc8+ Kg7 35. Qxa6 Rb4 36. Qa5 1-0